Noorest põlvest kuni aastani 1910

Titel: Noorest põlvest kuni aastani 1910 / Martin Lipp
Verfasser:
Veröffentlicht: Tartu : [Eesti Kirjandusmuuseumi Teaduskirjastus], [2013]
Umfang: 269 Seiten : Illustrationen
Format: Buch
Sprache: Estnisch
Schriftenreihe/
mehrbändiges Werk:
Minu elumälestused / Martin Lipp ; [1]
alle Bände anzeigen
ISBN: 9789949490769
Buchumschlag
X
Lokale Klassifikation: 47 5 Fa ; 47 11 G ; 47 15 L
alg: 41914218
001A    $03004:24-10-17 
001B    $01999:09-06-23 $t23:21:14.000 
001C    $03004:24-10-17 $t11:06:11.000 
001D    $03004:24-10-17 
001U    $0utf8 
001X    $00 
002@    $0AFu 
002C    $aText $btxt $2rdacontent 
002D    $aohne Hilfsmittel zu benutzen $bn $2rdamedia 
002E    $aBand $bnc $2rdacarrier 
003@    $0419142185 
003O    $01007273143 $aOCoLC 
004A    $A9789949490769 
007A    $0419142185 $aHEB 
010@    $aest 
010E    $erda 
011@    $a2013 $n[2013] 
021A    $aNoorest põlvest kuni aastani 1910 $hMartin Lipp 
028A    $BVerfasser $#Lipp, M. $4aut $7104372532 $8Lipp, Martin$Z1854-1923 [Tp1] $9139624007 
033A    $pTartu $n[Eesti Kirjandusmuuseumi Teaduskirjastus] 
034D    $a269 Seiten 
034M    $aIllustrationen 
036C    $aMinu elumälestused $x11 $hMartin Lipp $l[1] 
036D    $x11 $8Minu elumälestused / Martin Lipp $9419141987 
037A    $aBiobibliographie von Martin Lipp: Seite 251-255 
045F    $a900.94798 $eDDC23BSB 
045F/01 $a900 
045F/03 $g4798 
045G    $a200.94798 $eDDC23BSB 
045G/01 $a200.9 
045G/03 $g4798 
045H    $a306.094798 $eDDC23BSB 
045H/01 $a306.09 
045H/03 $g4798 

lok: 41914218 24
101B    $024-10-17 $t11:06:11.000 
101C    $024-10-17 
101U    $0utf8 
145Z/01 $a47 5 Fa 
145Z/02 $a47 11 G 
145Z/03 $a47 15 L 

exp: 41914218 24 1 #EPN
201B/01 $024-10-17 $t11:06:11.000 
201C/01 $024-10-17 
201U/01 $0utf8 
203@/01 $01008677485 
208@/01 $a24-10-17 $bz 
209A/01 $a14.01855 $du $f050 $h14 01855 $x00 
209C/01 $a14.01855 K $h14 01855 K 
209G/01 $a73325927 $x00 
220C/01 $akoe 
244Z/01 $#Lipp, M. $7104372532 $8--Tp1--Lipp, Martin$Z1854-1923 $x01 $9139624007 
247C/01 $8358050-7 Marburg, Bibliothek des Herder-Instituts Marburg $9102600961
LEADER 00000cam a2200000 cb4500
001 419142185
003 DE-603
005 20230609232114.0
007 tu
008 171024s2013 xx |||| | u00||u|est c
020 |a 9789949490769 
035 |a (DE-599)HEB419142185 
035 |a (OCoLC)1007273143 
040 |a DE-603  |b ger  |c DE-603  |d DE-603  |e rda 
041 |a est 
082 0 4 |8 1\u  |a 900.94798  |q DE-101  |2 23/BSB 
083 0 |8 2\u  |a 200.94798  |q DE-101  |2 23/BSB 
083 0 |8 3\u  |a 306.094798  |q DE-101  |2 23/BSB 
085 |8 1\u  |b 900 
085 |8 1\u  |z 2  |s 4798 
085 |8 2\u  |b 200.9 
085 |8 2\u  |z 2  |s 4798 
085 |8 3\u  |b 306.09 
085 |8 3\u  |z 2  |s 4798 
100 1 |a Lipp, Martin  |d 1854-1923  |e Verfasser  |4 aut  |0 (DE-603)139624007  |0 (DE-588)104372532  |2 gnd 
245 0 0 |a Noorest põlvest kuni aastani 1910  |c Martin Lipp 
264 1 |a Tartu  |b [Eesti Kirjandusmuuseumi Teaduskirjastus]  |c [2013] 
300 |a 269 Seiten  |b Illustrationen 
336 |a Text  |b txt  |2 rdacontent 
337 |a ohne Hilfsmittel zu benutzen  |b n  |2 rdamedia 
338 |a Band  |b nc  |2 rdacarrier 
490 1 |a Minu elumälestused / Martin Lipp  |v [1] 
500 |a Biobibliographie von Martin Lipp: Seite 251-255 
800 1 |a Lipp, Martin  |d 1854-1923  |t Minu elumälestused  |v [1]  |w (DE-603)419141987  |9 11  |7 am 
924 0 |9 Mb 50  |a (DE-603)1008677485  |b DE-Mb50  |c HES  |d c  |g 14.01855